| 000 | 02794nam a2200373 a 4500 | ||
|---|---|---|---|
| 003 | CHAP | ||
| 005 | 20230503181902.0 | ||
| 007 | ta | ||
| 008 | 230503s2020 sp ad||fr|||| 001 0 spa d | ||
| 020 | _a978-987-1457-44-1 | ||
| 040 |
_amxchpua _cCHAP _erda |
||
| 050 | 1 | 0 |
_aTJ810.7 _b.A74 2020 |
| 082 | 0 | 0 |
_a621.47 _bA74 2020 _220 |
| 100 | 1 |
_9186881 _aArenas, Fernando Carlos _eautor |
|
| 245 | 1 | 0 |
_aProcesos para el uso térmico de la energía solar / _cFernando Carlos Arenas |
| 250 | _a1a edición | ||
| 264 |
_aEspaña, Córdoba : _bUniversitas, _c2020 |
||
| 300 |
_a157 páginas : _bilustraciones, tablas, gráficas y diagramas |
||
| 336 |
_2rdacontent _atexto _btxt |
||
| 337 |
_2rdamedia _asin medio _bn |
||
| 338 |
_2rdacarrier _avolumen _bnc |
||
| 490 | 1 | _aIngeniería (Universitas) | |
| 504 | _aBibliografía: páginas 157 | ||
| 505 | 0 | _aCAPÍTULO 1: LA RADIACIÓN SOLAR -- CAPÍTULO 2: CONCEPTOS BÁSICOS SOBRE TRANSMISIÓN DEL CALOR -- CAPÍTULO 3: CONVERSIÓN TÉRMICA DE LA ENERGÍA SOLAR -- CAPÍTULO 4: CAPTACIÓN DE LA ENERGÍA NECESARIA PARA EL A. C. S. -- CAPÍTULO 5: APLICACIÓN A MEDIA Y ALTA TEMPERATURA -- CAPÍTULO 6: SISTEMAS DE CALEFACCIÓN Y REFRIGERACIÓN -- CAPÍTULO 7: PURIFICACIÓN SOLAR DEL AGUA -- CAPÍTULO 8: SECADO SOLAR | |
| 520 | 2 | _aEste texto está dedicado a todos aquellos que desean tomar conocimiento de los problemas específicos relacionados con el aprovechamiento de la energía solar térmica, contribuyendo así a la difusión de los conceptos científicos relativos a las energías no convencionales y sus tecnologías.El tratamiento de este tema tiene su origen en un curso dado en la Facultad de Ciencias Exactas Físicas y Naturales de la Universidad Nacional de Córdoba por un período de varios años. En su desarrollo se buscó asegurar la comprensión de los fenómenos físicos, introduciendo para ello las fórmulas más importantes relacionadas con los mismos, como así también, los aspectos prácticos que sirven como suplemento de los procesos de ingeniería. Se ha supuesto que el lector posee conocimientos incorporados sobre la termodinámica, la óptica, la transmisión del calor, la mecánica de los fluidos etc.El objetivo del libro se verá cumplido si el mismo es un aporte para quienes desean ayudar a satisfacer una mayor demanda energética sin contribuir a un agotamiento de los recursos naturales no renovables y al deterioro medioambiental del planeta. | |
| 650 | 1 | 3 |
_936911 _aEnergía solar |
| 650 | 1 | 3 |
_9186890 _aEnergía solar térmica |
| 650 | 1 | 3 |
_9186444 _aFuentes de energía renovable |
| 650 | 1 | 3 |
_9156670 _aSolar energy |
| 650 | 1 | 3 |
_9186891 _aSolar thermal energy |
| 650 | 1 | 3 |
_9186445 _aRenewable energy sources |
| 830 | 0 |
_9186882 _aIngeniería (Universitas) |
|
| 942 |
_2ddc _cLibro |
||
| 999 |
_c218671 _d218671 |
||